| 000 -LEADER |
| fixed length control field |
02043cam a2200409 i 4500 |
| 001 - CONTROL NUMBER |
| control field |
22353204 |
| 005 - DATE AND TIME OF LATEST TRANSACTION |
| control field |
20240201154201.0 |
| 008 - FIXED-LENGTH DATA ELEMENTS--GENERAL INFORMATION |
| fixed length control field |
211216t20232023cau b 001 0 eng |
| 010 ## - LIBRARY OF CONGRESS CONTROL NUMBER |
| LC control number |
2021061319 X |
| 020 ## - INTERNATIONAL STANDARD BOOK NUMBER |
| International Standard Book Number |
9781071806371 X |
| Qualifying information |
(paperback) |
| 020 ## - INTERNATIONAL STANDARD BOOK NUMBER |
| Canceled/invalid ISBN |
9781071806388 X |
| Qualifying information |
(epub) |
| 020 ## - INTERNATIONAL STANDARD BOOK NUMBER |
| Canceled/invalid ISBN |
9781071806395 X |
| Qualifying information |
(epub) |
| 020 ## - INTERNATIONAL STANDARD BOOK NUMBER |
| Canceled/invalid ISBN |
9781071806401 X |
| Qualifying information |
(pdf) |
| 040 ## - CATALOGING SOURCE |
| Original cataloging agency |
DLC |
| Language of cataloging |
eng |
| Description conventions |
rda |
| Transcribing agency |
DLC |
| Modifying agency |
DLC |
| 042 ## - AUTHENTICATION CODE |
| Authentication code |
pcc |
| 043 ## - GEOGRAPHIC AREA CODE |
| Geographic area code |
n-us--- |
| 050 00 - LIBRARY OF CONGRESS CALL NUMBER |
| Classification number |
JK468.I6 |
| Item number |
L644 2023 |
| 080 ## - UNIVERSAL DECIMAL CLASSIFICATION NUMBER |
| Universal Decimal Classification number |
355.40(73)+327 L-95 |
| 100 1# - MAIN ENTRY--PERSONAL NAME |
| Personal name |
Lowenthal, Mark M., |
| Relator term |
author. |
| 9 (RLIN) |
21168 |
| 245 10 - TITLE STATEMENT |
| Title |
Intelligence : |
| Remainder of title |
from secrets to policy / |
| Statement of responsibility, etc. |
Mark M. Lowenthal. |
| 250 ## - EDITION STATEMENT |
| Edition statement |
Ninth edition. |
| 264 #1 - PRODUCTION, PUBLICATION, DISTRIBUTION, MANUFACTURE, AND COPYRIGHT NOTICE |
| Place of production, publication, distribution, manufacture |
Thousand Oaks, California : |
| Name of producer, publisher, distributor, manufacturer |
Sage/CQ Press, |
| Date of production, publication, distribution, manufacture, or copyright notice |
[2023] |
| 264 #4 - PRODUCTION, PUBLICATION, DISTRIBUTION, MANUFACTURE, AND COPYRIGHT NOTICE |
| Place of production, publication, distribution, manufacture |
©2023 |
| 300 ## - PHYSICAL DESCRIPTION |
| Extent |
xxiv, 595 pages : |
| Other physical details |
illustrations ; |
| Dimensions |
23 cm |
| 336 ## - CONTENT TYPE |
| Content type term |
text |
| Content type code |
txt |
| Source |
rdacontent |
| 337 ## - MEDIA TYPE |
| Media type term |
unmediated |
| Media type code |
n |
| Source |
rdamedia |
| 338 ## - CARRIER TYPE |
| Carrier type term |
volume |
| Carrier type code |
nc |
| Source |
rdacarrier |
| 504 ## - BIBLIOGRAPHY, ETC. NOTE |
| Bibliography, etc. note |
Includes bibliographical references and indexes. |
| 520 ## - SUMMARY, ETC. |
| Summary, etc. |
"Mark M. Lowenthal's trusted guide is the go-to resource for understanding how the intelligence community's history, structure, procedures, and functions affect policy decisions. In the fully updated Ninth Edition of Intelligence, the author addresses cyber security and cyber intelligence throughout, expands the coverage of collection, comprehensively updates the chapters on nation-state issues and transnational issues, and looks at foreign intelligence services, both large and small"-- |
| Assigning source |
Provided by publisher. |
| 650 #0 - SUBJECT ADDED ENTRY--TOPICAL TERM |
| Topical term or geographic name entry element |
Intelligence service |
| Geographic subdivision |
United States |
| General subdivision |
Planning. |
| 9 (RLIN) |
21172 |
| 650 #0 - SUBJECT ADDED ENTRY--TOPICAL TERM |
| Topical term or geographic name entry element |
Intelligence service |
| Geographic subdivision |
United States |
| General subdivision |
Forecasting. |
| 9 (RLIN) |
21173 |
| 653 ## - INDEX TERM--UNCONTROLLED |
| keyword |
დაზვერვა: საიდუმლოებიდან პოლიტიკამდე |
| 653 ## - INDEX TERM--UNCONTROLLED |
| keyword |
დაზვერვის სამსახური |
| 906 ## - LOCAL DATA ELEMENT F, LDF (RLIN) |
| a |
7 |
| b |
cbc |
| c |
orignew |
| d |
1 |
| e |
ecip |
| f |
20 |
| g |
y-gencatlg |
| 942 ## - ADDED ENTRY ELEMENTS (KOHA) |
| Source of classification or shelving scheme |
|
| Koha item type |
წიგნი |